000
00286nam a2200133Ia 4500
100
_a
Tiffin/Joseph
942
_c
BK
654
_a
Psychology
245
_a
Industrial Psychology
260
_b
Gerge Allers &UnWin
_a
London
_c
1969
082
_a
158.7
300
_a
682
546
_a
ENGLISH
999
_c
32440
_d
32440